Código de las leyes administrativas / Eduardo García de Enterría, Santiago Muñoz Machado
ISBN:
84-470-2373-7
Descripción Física:
2 v. ; 25 cm
Otros Autores:
Muñoz Machado, Santiago
MARC
| LEADER | 00000nam a2200000Ia 4500 | ||
|---|---|---|---|
| 001 | 19476, 19477 | ||
| 008 | 160829s2005 xx 000 0 cat d | ||
| 020 | |a 84-470-2373-7 (o.c.), 84-470-2415-6 (v.1), 84-470-2416-4 (v.2) | ||
| 080 | |a D-3-177, D-3-178 | ||
| 100 | 1 | |a García de Enterría, Eduardo, |d 1923-2013 |9 24607 | |
| 245 | |a Código de las leyes administrativas / Eduardo García de Enterría, Santiago Muñoz Machado | ||
| 250 | |a 13a ed. | ||
| 260 | |a Madrid : |b Civitas, |c 2005 | ||
| 300 | |a 2 v. ; |c 25 cm | ||
| 650 | |a Dret administratiu |x Legislació |x Espanya |9 25686 | ||
| 700 | |a Muñoz Machado, Santiago |9 38096 | ||
| 901 | |a Arxiu | ||
| 942 | |n 1 | ||
| 952 | |0 1 |1 0 |2 udc |4 0 |5 2 |6 D3177_D3178 |7 1 |9 48253 |a Arxiu |b Arxiu |d 2016-12-01 |l 0 |o D-3-177, D-3-178 |p 19476, 19477 |r 2016-12-01 00:00:00 |w 2016-12-01 |y ARXIU | ||
| 999 | |c 52059 |d 52059 | ||